Comunicación comunitaria y sostenibilidad económica de la radio Ilumán 96.7 FM, en Ecuador (Record no. 201442)

MARC details
000 -CABECERA
campo de control de longitud fija 02229nab a2200301 a 4500
005 - FECHA Y HORA DE LA ÚLTIMA TRANSACCIÓN
campo de control 20240919064350.0
008 - ELEMENTOS DE LONGITUD FIJA--INFORMACIÓN GENERAL
campo de control de longitud fija 991125c2018 ni fr p o 000 0 spa d
035 ## - NÚMERO DE CONTROL DEL SISTEMA
Número de control de sistema UPN01000229347
040 ## - FUENTE DE LA CATALOGACIÓN
Centro catalogador/agencia de origen MX-MxUPN
Lengua de catalogación spa
Centro/agencia transcriptor MX-MxUPN
Normas de descripción aacr2
049 ## - COLECCIÓN
Colección ART-E
100 1# - ASIENTO PRINCIPAL--NOMBRE PERSONAL
Nombre de persona Chimbo Mayancela, Maribel Elizabeth
Enlace - chaskawa@yahoo.com
100 1# - ASIENTO PRINCIPAL--NOMBRE PERSONAL
Nombre de persona Sarango Macas, Luis Fernando
245 10 - MENCIÓN DE TÍTULO
Título Comunicación comunitaria y sostenibilidad económica de la radio Ilumán 96.7 FM, en Ecuador
Medio [recurso electrónico en línea]
506 0# - NOTA DE RESTRICCIONES AL ACCESO
Limitaciones de acceso Acceso abierto
520 3# - NOTA DE RESUMEN, ETC.
Sumario, etc. Frente a la arremetida cultural de los modelos occidentales impuestos por el Estado ecuatoriano, que privilegia una sola forma de vivir y de ser, este estudio analiza otros caminos y formas de comprender la comunicacióny la radio comunitaria, desde lógi-cas locales de luchas para reivindicar los espacios culturales identitarios. Bajo estos criterios, el cultivo y crianza de sabidurías hace un recorrido por la historia de “Radio Ilumán”, sus características comunitarias y participativas, y cómo estas, se articulan para incidir en la sostenibilidad económica de este medio, sin sacrificar el bienestar de sus promotores, ni la naturaleza comunitaria de la radio. El estudio genera insumos para que “Radio Ilumán” mejore sus procesos de acercamiento y horizontalidad con la comunidad, empoderamiento de la audiencia respecto a la radio con expresión en propuestas de sostenibilidad social y económica. De esta manera, se logró constatar que radio Ilumán es un medio de comunicación comunitaria e indígena que en sus programas promueve el fortalecimiento de la identidad cultural de los pueblos kichwas de la provincia de Imbabura.
650 #2 - ASIENTO SECUNDARIO DE MATERIA - TERMINO TEMATICO
Término de materia o nombre geográfico como elemento de entrada Comunidad
9 (RLIN) 9262
650 #7 - ASIENTO SECUNDARIO DE MATERIA - TERMINO TEMATICO
9 (RLIN) 46877
Término de materia o nombre geográfico como elemento de entrada Sustentabilidad
650 #4 - ASIENTO SECUNDARIO DE MATERIA - TERMINO TEMATICO
Término de materia o nombre geográfico como elemento de entrada Economía
9 (RLIN) 11541
653 0# - TERMINO DE INDIZACION - NO CONTROLADO
Término no controlado Comunicación indígena
653 0# - TERMINO DE INDIZACION - NO CONTROLADO
Término no controlado Radio
653 05 - TERMINO DE INDIZACION - NO CONTROLADO
Término no controlado Ecuador
773 ## - ENLACE AL DOCUMENTO FUENTE/ENTRADA DE REGISTRO ANFITRIÓN
Parte(s) relacionada(s) Vol. 23, no. 2 (2018), p. 241-257
Título Ciencia e interculturalidad
856 40 - LOCALIZACIÓN Y ACCESO ELECTRÓNICOS
Identificador Uniforme del Recurso <a href="http://revistas.uraccan.edu.ni/index.php/Interculturalidad/article/view/449/435">http://revistas.uraccan.edu.ni/index.php/Interculturalidad/article/view/449/435</a>
856 40 - LOCALIZACIÓN Y ACCESO ELECTRÓNICOS
Identificador Uniforme del Recurso <a href="https://doi.org/10.5377/rci.v23i2.6580">https://doi.org/10.5377/rci.v23i2.6580</a>
902 ## - ELEMENTOS DE DATOS B LOCAL, LDB (RLIN)
Creó Gloria Jiménez
Modificó Gloria Jiménez/220523
905 ## - TIPO DE MATERIAL
Tipo de material Articulo
942 ## - ELEMENTOS DE PUNTO DE ACCESO ADICIONAL (KOHA)
Tipo de ítem Koha Artículo Electrónico
Holdings
Estado de retiro Estado de pérdida Estado dañado No para préstamo Código de colección Localización permanente Ubicación/localización actual Ubicación en estantería Fecha de adquisición Total de préstamos Fecha visto por última vez Identificador Uniforme del Recurso Precio válido a partir de Tipo de ítem Koha
        Acceso abierto Bib. Gregorio Torres Quintero Bib. Gregorio Torres Quintero En línea 22/05/2023   22/05/2023 http://revistas.uraccan.edu.ni/index.php/Interculturalidad/article/view/449/435 22/05/2023 Artículo Electrónico